000 01691nam a2200397 a 4500
001 ebr10480681
003 CaPaEBR
006 m u
007 cr cn|||||||||
008 110714s2011 njua sb 001 0 eng d
010 _z 2008922048
020 _z9780691137124 (Cloth ISBN)
020 _z9780691148106
020 _z9781400839247 (e-book)
040 _aCaPaEBR
_cCaPaEBR
035 _a(OCoLC)742516954
050 1 4 _aCC135
_b.C86 2011eb
100 1 _aCuno, James.
245 1 0 _aWho owns antiquity?
_h[electronic resource] :
_bmuseums and the battle over our ancient heritage /
_cJames Cuno, with a new afterword by the author.
250 _a[Pbk. ed.].
260 _aPrinceton, N.J. :
_bPrinceton University Press,
_c2011.
300 _axxxvii, 244 p. :
_bill.
490 0 _aA Princeton University e-book
500 _aFourth printing, and first paperback printing, with a new afterword by the author, 2011.
500 _aOriginally published 2008.
504 _aIncludes bibliographical references and index.
533 _aElectronic reproduction.
_bPalo Alto, Calif. :
_cebrary,
_d2011.
_nAvailable via World Wide Web.
_nAccess may be limited to ebrary affiliated libraries.
650 0 _aAntiquities
_xCollection and preservation
_xPhilosophy.
650 0 _aCultural property.
650 0 _aCultural property
_xRepatriation.
650 0 _aMuseums
_xAcquisitions
_xPhilosophy.
650 0 _aMuseums
_xCollection management
_xInternational cooperation.
655 7 _aElectronic books.
_2local
710 2 _aebrary, Inc.
856 4 0 _uhttp://site.ebrary.com/lib/rucke/Doc?id=10480681
_zAn electronic book accessible through the World Wide Web; click to view
999 _c118610
_d118610